000 00658nam a2200205Ia 4500
005 20241216011341.0
008 190429s9999||||xx |||||||||||||| ||und||
082 _a612.6
_bR77
100 _aROJAS TORRES, JANET EVIS
245 0 _aACTITUDES QUE ADOPTAN LOS PADRES DE FAMILIA FRENTE A LAS PREGUNTAS Y COMPORTAMIENTO SEXUAL DE SUS HIJOS DE 3 - 12 AÑOS DE EDAD TARMA - 1991
250 _a0
260 _aCERRO DE PASCO-PERU
_bUNDAC
_c1992
300 _a55 pag.
_c29 cm.
341 _h0
490 _v0
_a0
505 _aMATERIALES-METODOS-RESULTADOS
541 _aD
_bROJAS TORRES, JANET EVIS
_d14-Jun-95
_oSoles
650 _aEnfermería
942 _cTESIS
999 _c39500
_d39500